000 00514nam a2200217Ia 4500
003 OSt
005 20221007082550.0
006 a|||||r|||| 00| 0
007 ta
008 221006b |||||||| |||| 00| 0 eng d
024 _a21,212
037 _cTextual
040 _aFLL
_cFLL
_beng
041 _2eng
_aeng
082 _aW:5.2, N6
100 _aGupta V.K.
245 0 _aPerspectives a human rights
260 _c1996
942 _hW:5.2, N6
_cTEXL
_2CC
999 _c1166888
_d1166888